<?xml version="1.0" encoding="UTF-8"?><marc:collection xmlns:marc="http://www.loc.gov/MARC21/slim">
  <marc:record>
    <marc:leader>00000nam##2200000za#4500</marc:leader>
    <marc:controlfield tag="001">9.575883</marc:controlfield>
    <marc:controlfield tag="003">CaOODSP</marc:controlfield>
    <marc:controlfield tag="005">20210624184857</marc:controlfield>
    <marc:controlfield tag="007">cr |||||||||||</marc:controlfield>
    <marc:controlfield tag="008">150406|2001||||xxc|||||o    f|0| 0 eng|d</marc:controlfield>
    <marc:datafield tag="022" ind1=" " ind2=" ">
      <marc:subfield code="a">1495-0782</marc:subfield>
    </marc:datafield>
    <marc:datafield tag="040" ind1=" " ind2=" ">
      <marc:subfield code="a">CaOODSP</marc:subfield>
      <marc:subfield code="b">eng</marc:subfield>
    </marc:datafield>
    <marc:datafield tag="043" ind1=" " ind2=" ">
      <marc:subfield code="a">n-cn---</marc:subfield>
    </marc:datafield>
    <marc:datafield tag="086" ind1="1" ind2=" ">
      <marc:subfield code="a">FA1-2/2001-7E-PDF</marc:subfield>
    </marc:datafield>
    <marc:datafield tag="110" ind1="1" ind2=" ">
      <marc:subfield code="a">Canada. </marc:subfield>
      <marc:subfield code="b">Office of the Auditor General.</marc:subfield>
    </marc:datafield>
    <marc:datafield tag="245" ind1="1" ind2="0">
      <marc:subfield code="a">Report of the Commissioner of the Environment and Sustainable Development to the House of Commons - 2001. Chapter 7, : </marc:subfield>
      <marc:subfield code="h">[electronic resource]</marc:subfield>
      <marc:subfield code="b">Petitions - connecting with Canadians : the environmental petitions process </marc:subfield>
    </marc:datafield>
    <marc:datafield tag="260" ind1=" " ind2=" ">
      <marc:subfield code="a">Ottawa - Ontario : </marc:subfield>
      <marc:subfield code="b">Office of the Auditor General of Canada </marc:subfield>
    </marc:datafield>
    <marc:datafield tag="300" ind1=" " ind2=" ">
      <marc:subfield code="a">45p.</marc:subfield>
      <marc:subfield code="b">fig., tables</marc:subfield>
    </marc:datafield>
    <marc:datafield tag="490" ind1="1" ind2=" ">
      <marc:subfield code="a">Report of the Commissioner of the Environment and Sustainable Development to the House of Commons. [Chapters]</marc:subfield>
      <marc:subfield code="x">1495-0782</marc:subfield>
      <marc:subfield code="v">2001</marc:subfield>
    </marc:datafield>
    <marc:datafield tag="500" ind1=" " ind2=" ">
      <marc:subfield code="a">The catalogue number (FA1-2/2001-7E) and ISBN (0-662-31024-1) for the print edition have been incorrectly copied in this electronic publication.</marc:subfield>
    </marc:datafield>
    <marc:datafield tag="590" ind1=" " ind2=" ">
      <marc:subfield code="a">13-03-Supp</marc:subfield>
      <marc:subfield code="b">2013-02-11</marc:subfield>
    </marc:datafield>
    <marc:datafield tag="775" ind1="0" ind2="8">
      <marc:subfield code="t">Rapport de la commissaire à l'environnement et au développement durable à la Chambre des communes - 2001. Chapitre 7, : </marc:subfield>
      <marc:subfield code="w">(CaOODSP)9.605272</marc:subfield>
    </marc:datafield>
    <marc:datafield tag="830" ind1="#" ind2="0">
      <marc:subfield code="a">Report of the Commissioner of the Environment and Sustainable Development to the House of Commons. [Chapters]</marc:subfield>
      <marc:subfield code="x">1495-0782</marc:subfield>
      <marc:subfield code="v">2001</marc:subfield>
      <marc:subfield code="w">(CaOODSP)9.506251</marc:subfield>
    </marc:datafield>
    <marc:datafield tag="856" ind1="4" ind2="0">
      <marc:subfield code="a">http://publications.gc.ca</marc:subfield>
      <marc:subfield code="q">PDF</marc:subfield>
      <marc:subfield code="s">468 KB</marc:subfield>
      <marc:subfield code="u">https://publications.gc.ca/collections/collection_2013/bvg-oag/FA1-2-2001-7-eng.pdf</marc:subfield>
      <marc:subfield code="y">2001</marc:subfield>
    </marc:datafield>
  </marc:record>
</marc:collection>
